[Event "Landesliga Nord 1213"]
[Site "Bayern"]
[Date "2012.12.09"]
[Round "4.7"]
[White "Kinkelin, Ulrich"]
[Black "Vojtech, Jaroslav"]
[Result "1/2-1/2"]
[WhiteElo "1938"]
[BlackElo "1978"]
[PlyCount "97"]
[EventDate "2012.10.14"]
[EventType "team-tourn"]
[EventRounds "9"]
[EventCountry "GER"]
[SourceTitle "EXT 2015"]
[Source "ChessBase"]
[SourceDate "2014.11.20"]
[SourceVersion "1"]
[SourceVersionDate "2014.11.20"]
[SourceQuality "1"]
[WhiteTeam "Wuerzburg"]
[BlackTeam "Bindlach II"]
[WhiteTeamCountry "GER"]
[BlackTeamCountry "GER"]

1. d4 d5 2. c4 e6 3. Nc3 Nf6 4. Bg5 Nbd7 5. cxd5 exd5 6. e3 c6 7. Nf3 Be7 8. Bd3 0-0 9. 0-0 Re8 10. Rc1 Nf8 11. Ne5 Ng6 12. Nxg6 hxg6 13. Bxf6 gxf6 14. Qc2 Kg7 15. Rcd1 f5 16. f4 Rh8 17. Rf3 Qa5 18. Rg3 Rh5 19. Be2 Rh6 20. Bd3 Bh4 21. Rh3 Bd7 22. g3 Bf6 23. Rxh6 Kxh6 24. h4 Kg7 25. Qf2 Re8 26. a3 Qd8 27. Re1 Qe7 28. Kf1 Qd6 29. Qf3 a5 30. Na4 Qe7 31. Re2 Bc8 32. Kf2 Qd8 33. Rc2 b6 34. Qd1 Bd7 35. Rd2 c5 36. dxc5 d4 37. exd4 Bxd4+ 38. Kg2 bxc5 39. Be2 Bc6+ 40. Bf3 Bxf3+ 41. Qxf3 Qf6 42. Kh2 Re3 43. Qd5 Qe7 44. Kh3 Re2 45. Rxe2 Qxe2 46. Qg2 Qc4 47. Qc6 Qf1+ 48. Qg2 Qc4 49. Qc6 1/2-1/2

[Event "CZE-chT2B 1112"]
[Site "Czech Republic"]
[Date "2012.03.04"]
[Round "9.7"]
[White "Stastny, Petr"]
[Black "Vojtech, Jaroslav"]
[Result "1/2-1/2"]
[WhiteElo "2072"]
[BlackElo "2091"]
[PlyCount "58"]
[EventDate "2011.10.09"]
[EventType "team-tourn"]
[EventRounds "11"]
[EventCountry "CZE"]
[SourceTitle "EXT 2013"]
[Source "ChessBase"]
[SourceDate "2012.11.22"]
[SourceVersion "1"]
[SourceVersionDate "2012.11.22"]
[SourceQuality "1"]
[WhiteTeam "Teplice"]
[BlackTeam "Sokolov"]
[WhiteTeamCountry "CZE"]
[BlackTeamCountry "CZE"]

1. d4 d5 2. Nf3 Bf5 3. Bf4 e6 4. Nbd2 c6 5. e3 Nd7 6. Bd3 Ngf6 7. 0-0 Ne4 8. Bxe4 dxe4 9. Ng5 Nf6 10. Be5 Ng4 11. Ngxe4 Nxe5 12. dxe5 Qd5 13. Nd6+ Bxd6 14. exd6 0-0-0 15. e4 Qxd6 16. exf5 Qxd2 17. Qg4 exf5 18. Qxf5+ Qd7 19. Qa5 a6 20. c4 Rhe8 21. b4 Kb8 22. a4 Qd2 23. Qb6 Qd4 24. c5 Re2 25. Rae1 Rxe1 26. Rxe1 Qd2 27. Kf1 Qd3+ 28. Kg1 Qd2 29. Kf1 Qd3+ 1/2-1/2

[Event "Hradec Kralove Sten op"]
[Site "Hradec Kralove"]
[Date "2011.05.12"]
[Round "6"]
[White "Kosina, Vladimir"]
[Black "Vojtech, Jaroslav"]
[Result "1-0"]
[WhiteElo "1811"]
[BlackElo "2113"]
[PlyCount "98"]
[EventDate "2011.05.08"]
[EventType "swiss"]
[EventRounds "9"]
[EventCountry "CZE"]
[SourceTitle "CBM 142 Extra"]
[Source "ChessBase"]
[SourceDate "2011.06.27"]
[SourceVersion "1"]
[SourceVersionDate "2011.06.27"]
[SourceQuality "1"]

1. e4 e5 2. Nf3 Nc6 3. Bb5 a6 4. Ba4 d6 5. c3 Bd7 6. h3 Nge7 7. d4 Ng6 8. 0-0 Be7 9. d5 Nb8 10. Bc2 0-0 11. Qd3 f5 12. Qe2 f4 13. a4 Nh4 14. Nxh4 Bxh4 15. Nd2 Rf6 16. Kh2 Rh6 17. Nf3 a5 18. Bd2 Na6 19. b4 Qf6 20. Bd3 Qg6 21. Be1 Be7 22. Qd1 Rf8 23. Be2 Kh8 24. Nd2 Bh4 25. Bf3 Bc8 26. Rb1 axb4 27. cxb4 Rf6 28. Rb3 Qg5 29. Rh1 Rfg6 30. Qe2 Qd8 31. a5 Be7 32. Qb5 Bf8 33. Rc3 Kg8 34. Nb3 Qh4 35. Qf1 Qd8 36. Qb5 Nxb4 37. Qxb4 Qh4 38. Kg1 Bxh3 39. Qb5 Qg5 40. Qf1 Be7 41. Nd2 Bd8 42. Rb3 Kf7 43. Ra3 Bc8 44. Rxh6 Rxh6 45. Qd3 Rg6 46. Kf1 Qh4 47. Ke2 Qh2 48. Kd1 Kg8 49. Qb5 Kf8 1-0

[Event "CZE-chT2B 1011"]
[Site "Czech Republic"]
[Date "2011.03.27"]
[Round "10.4"]
[White "Kozak, Milos"]
[Black "Vojtech, Jaroslav"]
[Result "0-1"]
[WhiteElo "2213"]
[BlackElo "2115"]
[PlyCount "70"]
[EventDate "2010.10.17"]
[EventType "team-tourn"]
[EventRounds "11"]
[EventCountry "CZE"]
[SourceTitle "EXT 2012"]
[Source "ChessBase"]
[SourceDate "2011.11.24"]
[SourceVersion "1"]
[SourceVersionDate "2011.11.24"]
[SourceQuality "1"]
[WhiteTeam "Postovni sporitelna II"]
[BlackTeam "Sokolov"]
[WhiteTeamCountry "CZE"]
[BlackTeamCountry "CZE"]

1. d4 d5 2. c4 e6 3. Nf3 Nf6 4. g3 c6 5. Bg2 Be7 6. Qc2 0-0 7. 0-0 Nbd7 8. Nbd2 b6 9. e4 dxe4 10. Nxe4 Bb7 11. Rd1 Qc8 12. Nxf6+ Nxf6 13. c5 bxc5 14. dxc5 Rd8 15. Bd2 a5 16. a3 Nd5 17. Ng5 g6 18. Rac1 a4 19. Qe4 h6 20. Nf3 Bf8 21. Ne5 Qc7 22. f4 Ba6 23. Be3 Nxe3 24. Qxe3 Bb5 25. Be4 Rxd1+ 26. Rxd1 Rd8 27. Rc1 Bg7 28. Bb1 Qa5 29. Ba2 Rd2 30. b4 axb3 31. Qxb3 Bxe5 32. fxe5 Rd3 33. Qb1 Qxa3 34. Bc4 Qxc5+ 35. Kh1 Bxc4 0-1

[Event "CZE-chT2B 1011"]
[Site "Czech Republic"]
[Date "2011.03.06"]
[Round "9.6"]
[White "Vojtech, Jaroslav"]
[Black "Krejcik, Jiri"]
[Result "1/2-1/2"]
[WhiteElo "2115"]
[BlackElo "2091"]
[PlyCount "46"]
[EventDate "2010.10.17"]
[EventType "team-tourn"]
[EventRounds "11"]
[EventCountry "CZE"]
[SourceTitle "EXT 2012"]
[Source "ChessBase"]
[SourceDate "2011.11.24"]
[SourceVersion "1"]
[SourceVersionDate "2011.11.24"]
[SourceQuality "1"]
[WhiteTeam "Sokolov"]
[BlackTeam "Karlovy Vary"]
[WhiteTeamCountry "CZE"]
[BlackTeamCountry "CZE"]

1. e4 e5 2. Nf3 Nc6 3. d4 exd4 4. Bc4 Bc5 5. c3 Nf6 6. cxd4 Bb4+ 7. Bd2 Bxd2+ 8. Nbxd2 d5 9. exd5 Nxd5 10. 0-0 0-0 11. Re1 Nb6 12. Bb3 Nxd4 13. Nxd4 Qxd4 14. Ne4 Qxd1 15. Raxd1 Bd7 16. Ng5 Ba4 17. Bxa4 Nxa4 18. Re7 h6 19. Nf3 Rad8 20. Rc1 Nxb2 21. Rexc7 Nd3 22. Rb1 Nb4 23. Rxb7 Nxa2 1/2-1/2

[Event "CZE-chT2B 1011"]
[Site "Czech Republic"]
[Date "2011.02.20"]
[Round "8.6"]
[White "Princ, Jiri"]
[Black "Vojtech, Jaroslav"]
[Result "1/2-1/2"]
[WhiteElo "1920"]
[BlackElo "2115"]
[PlyCount "161"]
[EventDate "2010.10.17"]
[EventType "team-tourn"]
[EventRounds "11"]
[EventCountry "CZE"]
[SourceTitle "EXT 2012"]
[Source "ChessBase"]
[SourceDate "2011.11.24"]
[SourceVersion "1"]
[SourceVersionDate "2011.11.24"]
[SourceQuality "1"]
[WhiteTeam "Lipa"]
[BlackTeam "Sokolov"]
[WhiteTeamCountry "CZE"]
[BlackTeamCountry "CZE"]

1. Nf3 d5 2. g3 c6 3. b3 Bf5 4. d3 Nf6 5. Bg2 h6 6. Bb2 Nbd7 7. c4 e6 8. 0-0 Be7 9. Nbd2 0-0 10. Ne5 Nxe5 11. Bxe5 Ng4 12. Bb2 Bf6 13. Bxf6 Nxf6 14. Nf3 Qd6 15. Rc1 Rad8 16. c5 Qc7 17. b4 e5 18. d4 exd4 19. Nxd4 Qd7 20. Qb3 Be4 21. a4 Bxg2 22. Kxg2 Ne4 23. Qd3 g6 24. Rfd1 Ng5 25. Rc2 Rfe8 26. b5 Ne6 27. Rb1 Nxd4 28. Qxd4 Re4 29. Qd2 Kh7 30. Qa5 Rde8 31. bxc6 bxc6 32. Qa6 R8e7 33. Rcb2 d4 34. Qc4 Qf5 35. Rd1 h5 36. Rxd4 h4 37. f3 h3+ 38. Kf2 Re3 39. Rh4+ Kg7 40. Qd4+ f6 41. Qd8 Re8 42. Qc7+ R8e7 43. Qd6 R3e6 44. Qf4 Qxc5+ 45. Qd4 Qxd4+ 46. Rxd4 c5 47. Rc4 Rc7 48. Rb5 Re5 49. f4 Rd5 50. a5 f5 51. Kf3 Kf6 52. g4 Ke6 53. g5 Kd6 54. Rb8 Kc6 55. a6 Rdd7 56. Rc2 Re7 57. Rh8 Rh7 58. Rg8 Rhg7 59. Re8 Rge7 60. Rb8 Rcd7 61. Kg3 Re3+ 62. Kf2 Re4 63. e3 Rd3 64. Rc8+ Kd7 65. R8xc5 Rexe3 66. Rc7+ Kd6 67. Rxa7 Rf3+ 68. Ke2 Rfe3+ 69. Kf1 Rd4 70. Re2 Rxf4+ 71. Ke1 Rxe2+ 72. Kxe2 Rg4 73. Rg7 Rxg5 74. a7 Rg2+ 75. Kf3 Ra2 76. Rxg6+ Ke5 77. Rg7 Ra3+ 78. Kf2 Kf4 79. Rh7 Ra2+ 80. Ke1 Kg4 81. Rg7+ 1/2-1/2

[Event "Landesliga Nord 1011"]
[Site "Bayern"]
[Date "2010.12.12"]
[Round "4.8"]
[White "Dotzauer, Ernst"]
[Black "Vojtech, Jaroslav"]
[Result "0-1"]
[WhiteElo "1865"]
[BlackElo "2024"]
[PlyCount "122"]
[EventDate "2010.10.10"]
[EventType "team-tourn"]
[EventRounds "9"]
[EventCountry "GER"]
[SourceTitle "EXT 2012"]
[Source "ChessBase"]
[SourceDate "2011.11.24"]
[SourceVersion "1"]
[SourceVersionDate "2011.11.24"]
[SourceQuality "1"]
[WhiteTeam "Schwandorf"]
[BlackTeam "Bindlach II"]
[WhiteTeamCountry "GER"]
[BlackTeamCountry "GER"]

1. d4 d5 2. Nf3 Bf5 3. Bf4 e6 4. e3 c6 5. Bd3 Bxd3 6. Qxd3 Nf6 7. Nbd2 Nbd7 8. 0-0 Be7 9. e4 dxe4 10. Nxe4 Nxe4 11. Qxe4 0-0 12. c3 Nf6 13. Qc2 Nd5 14. Bg3 Bf6 15. Rfe1 Qa5 16. a3 Ne7 17. Be5 Ng6 18. Bxf6 gxf6 19. Qe4 Qd5 20. Qxd5 cxd5 21. g3 Rfc8 22. h4 Rab8 23. Nh2 Nf8 24. Ng4 Nd7 25. f4 h5 26. Ne3 f5 27. Rac1 b5 28. Rc2 Nf6 29. Kg2 Ne4 30. Rec1 Kg7 31. Kf3 Kf6 32. Nd1 Rg8 33. Rg2 Rbc8 34. Rcc2 Rg7 35. Nf2 Rcg8 36. Nxe4+ fxe4+ 37. Kf2 Kf5 38. Rc1 f6 39. Rcg1 e5 40. fxe5 fxe5 41. Ke3 Ke6 42. Ke2 a5 43. Ke3 Rg4 44. Ke2 b4 45. axb4 axb4 46. Ra1 bxc3 47. bxc3 Rxg3 48. Ra6+ Kf5 49. Rf2+ Rf3 50. Rxf3+ exf3+ 51. Kxf3 Re8 52. Ra3 e4+ 53. Kg3 Rg8+ 54. Kf2 Kf4 55. Ra6 e3+ 56. Kf1 Ke4 57. Re6+ Kd3 58. Re5 Rf8+ 59. Ke1 Ra8 60. Kf1 Ra1+ 61. Kg2 e2 0-1

[Event "CZE-chT2B 1011"]
[Site "Czech Republic"]
[Date "2010.10.17"]
[Round "1.4"]
[White "Vojtech, Jaroslav"]
[Black "Bauma, Jiri"]
[Result "0-1"]
[WhiteElo "2115"]
[BlackElo "2150"]
[PlyCount "76"]
[EventDate "2010.10.17"]
[EventType "team-tourn"]
[EventRounds "11"]
[EventCountry "CZE"]
[SourceTitle "EXT 2012"]
[Source "ChessBase"]
[SourceDate "2011.11.24"]
[SourceVersion "1"]
[SourceVersionDate "2011.11.24"]
[SourceQuality "1"]
[WhiteTeam "Sokolov"]
[BlackTeam "Praha Dukla"]
[WhiteTeamCountry "CZE"]
[BlackTeamCountry "CZE"]

1. e4 c5 2. Nf3 Nc6 3. Bb5 Nf6 4. Bxc6 dxc6 5. Qe2 g6 6. h3 Bg7 7. 0-0 Qc7 8. d3 b6 9. Nbd2 Nd7 10. Re1 e5 11. b3 Nf8 12. Bb2 Ne6 13. Nc4 Nd4 14. Qd1 0-0 15. c3 Ne6 16. Bc1 Ba6 17. Qc2 Rfd8 18. a3 Rd7 19. Be3 Rad8 20. Rad1 h6 21. h4 f5 22. exf5 gxf5 23. Ncxe5 Bxe5 24. Bxh6 Bf4 25. Rxe6 Bxd3 26. Qb2 Be4 27. Re1 Bxh6 28. Rxh6 Bxf3 29. gxf3 Rd2 30. Re8+ Kg7 31. Qxd2 Rxd2 32. Reh8 Qf4 33. R8h7+ Kf8 34. Rxc6 Kg8 35. Rcc7 Qxf3 36. Rcg7+ Kf8 37. Rf7+ Ke8 38. Re7+ Kd8 0-1

[Event "CZE-chT2C 0910"]
[Site "Czech Republic"]
[Date "2010.01.17"]
[Round "5.6"]
[White "Marsalek, Zdenek"]
[Black "Vojtech, Jaroslav"]
[Result "1-0"]
[WhiteElo "2215"]
[BlackElo "2201"]
[PlyCount "81"]
[EventDate "2009.10.18"]
[EventType "team-tourn"]
[EventRounds "11"]
[EventCountry "CZE"]
[SourceTitle "EXT 2011"]
[Source "ChessBase"]
[SourceDate "2010.11.26"]
[SourceVersion "1"]
[SourceVersionDate "2010.11.26"]
[SourceQuality "1"]
[WhiteTeam "Turnov Zikuda II"]
[BlackTeam "Jicin"]
[WhiteTeamCountry "CZE"]
[BlackTeamCountry "CZE"]

1. d4 d5 2. Nf3 c6 3. c4 Nf6 4. Nc3 e6 5. Qb3 Be7 6. Bf4 Nbd7 7. h3 0-0 8. e3 Qa5 9. Nd2 c5 10. Be2 cxd4 11. exd4 Ne4 12. Ndxe4 dxe4 13. 0-0 Nf6 14. Qc2 Qf5 15. Be5 Bd7 16. f3 exf3 17. Qxf5 exf5 18. Bxf3 Rac8 19. b3 b6 20. a3 a5 21. Bb7 Rce8 22. Rfe1 Ne4 23. Nxe4 fxe4 24. Bxe4 g6 25. Bc7 Bd8 26. Bxd8 Rxd8 27. b4 Ba4 28. d5 Bb3 29. Rac1 Rfe8 30. bxa5 bxa5 31. Bd3 Kf8 32. Kf2 Rxe1 33. Kxe1 Ke7 34. Kd2 Ba4 35. Kc3 f5 36. Kd4 Kf6 37. Re1 Bd7 38. Kc5 g5 39. Kd6 Bc8+ 40. Kc7 Rf8 41. c5 1-0

[Event "Pardubice KV op"]
[Site "Pardubice"]
[Date "2010.??.??"]
[Round "2"]
[White "Bernloher, Ludwig"]
[Black "Vojtech, Jaroslav"]
[Result "0-1"]
[WhiteElo "1860"]
[BlackElo "2165"]
[PlyCount "78"]
[EventDate "2010.07.??"]
[EventType "swiss"]
[EventRounds "7"]
[EventCountry "CZE"]
[SourceTitle "EXT 2012"]
[Source "ChessBase"]
[SourceDate "2011.11.24"]
[SourceVersion "1"]
[SourceVersionDate "2011.11.24"]
[SourceQuality "1"]

1. c4 e5 2. Nc3 Nf6 3. g3 c6 4. Bg2 d5 5. cxd5 cxd5 6. d3 Nc6 7. Bg5 Be6 8. Nf3 Be7 9. 0-0 0-0 10. d4 e4 11. Ne5 h6 12. Nxc6 bxc6 13. Bxf6 Bxf6 14. e3 Rb8 15. b3 c5 16. Ne2 Qa5 17. Qe1 Qa6 18. Qd2 Rfc8 19. Rac1 cxd4 20. Nxd4 Bxd4 21. exd4 Qa3 22. Rfe1 a5 23. Bf1 a4 24. bxa4 Qxa4 25. Be2 Qa3 26. Rb1 g5 27. Kg2 Kg7 28. Rec1 f5 29. Bd1 Kf6 30. Bb3 Qd6 31. Rxc8 Rxc8 32. Rc1 f4 33. Rxc8 f3+ 34. Kf1 Bxc8 35. Qc3 Qa6+ 36. Kg1 Bh3 37. Qe1 Qe2 38. Qc1 e3 39. Qc6+ Be6 0-1

[Event "Pardubice KV op"]
[Site "Pardubice"]
[Date "2010.??.??"]
[Round "4"]
[White "Vondra, Zbynek"]
[Black "Vojtech, Jaroslav"]
[Result "1/2-1/2"]
[WhiteElo "2185"]
[BlackElo "2165"]
[PlyCount "73"]
[EventDate "2010.07.??"]
[EventType "swiss"]
[EventRounds "7"]
[EventCountry "CZE"]
[SourceTitle "EXT 2012"]
[Source "ChessBase"]
[SourceDate "2011.11.24"]
[SourceVersion "1"]
[SourceVersionDate "2011.11.24"]
[SourceQuality "1"]

1. e4 c6 2. d4 d5 3. e5 Bf5 4. h4 h5 5. c4 dxc4 6. Bxc4 e6 7. Nc3 Nd7 8. Nge2 Nb6 9. Bb3 Ne7 10. Bg5 Qd7 11. Nf4 0-0-0 12. Qe2 Qxd4 13. Rd1 Qc5 14. Rxd8+ Kxd8 15. 0-0 Ke8 16. Rc1 Nd7 17. Nxe6 fxe6 18. Nd5 cxd5 19. Rxc5 Nxc5 20. Be3 Nc6 21. Bc2 Bxc2 22. Qxc2 d4 23. Qg6+ Kd7 24. Qf7+ Be7 25. Bg5 Re8 26. Qxg7 Ne4 27. Qh7 Nxg5 28. hxg5 Nxe5 29. f4 Ng4 30. Qxh5 Ne3 31. Qf3 Rd8 32. Qxb7+ Ke8 33. Qe4 d3 34. Qg6+ Kf8 35. Qh6+ Ke8 36. Qg6+ Kf8 37. Qh6+ 1/2-1/2

[Event "Regionalliga NW 0809"]
[Site "Bayern"]
[Date "2008.12.14"]
[Round "4.6"]
[White "Vojtech, Jaroslav"]
[Black "Frankenberger, Ralf"]
[Result "1-0"]
[WhiteElo "2131"]
[BlackElo "1913"]
[PlyCount "111"]
[EventDate "2008.10.05"]
[EventType "team-tourn"]
[EventRounds "9"]
[EventCountry "GER"]
[SourceTitle "EXT 2020"]
[Source "ChessBase"]
[SourceDate "2019.10.17"]
[SourceVersion "1"]
[SourceVersionDate "2019.10.17"]
[SourceQuality "1"]
[WhiteTeam "Bindlach II"]
[BlackTeam "Obernau"]
[WhiteTeamCountry "GER"]
[BlackTeamCountry "GER"]

1. e4 d6 2. Nc3 e5 3. f4 Nc6 4. Nf3 Nf6 5. Bb5 Bd7 6. d3 Qe7 7. 0-0 h6 8. Kh1 0-0-0 9. b4 exf4 10. Bxc6 Bxc6 11. b5 Bd7 12. Bxf4 g5 13. Be3 Kb8 14. a4 Rg8 15. a5 g4 16. Nd4 g3 17. Nf3 Ng4 18. Nd5 Nxe3 19. Nxe3 gxh2 20. b6 cxb6 21. axb6 a6 22. Nd5 Qe6 23. Qd2 Bg7 24. Ra2 Bc6 25. Nb4 Rc8 26. c4 Qg4 27. Qf2 Bc3 28. Rb1 f5 29. Nxh2 Qg3 30. Nxc6+ Rxc6 31. Qxf5 Rc5 32. Qf7 Rg7 33. Qf8+ Rc8 34. Qf3 Qh4 35. Qh3 Qxh3 36. gxh3 Rg3 37. Rf2 Rxh3 38. Rf3 Rh5 39. Rf5 Rh4 40. Rbf1 Bd4 41. R1f4 Rxf4 42. Rxf4 Bxb6 43. Rf6 Rg8 44. Nf3 Bc7 45. Rxh6 Rg3 46. Rf6 a5 47. Kh2 Rg4 48. Kh3 Rg8 49. Nd4 a4 50. Nb5 b6 51. Rf7 Rc8 52. Rf1 Kb7 53. Rf7 Kc6 54. Na7+ Kb7 55. Nxc8 Kxc8 56. Rf2 1-0

[Event "Regionalliga NW 0708"]
[Site "Bayern"]
[Date "2008.04.20"]
[Round "9.5"]
[White "Vojtech, Jaroslav"]
[Black "Burgemeister, Wolfgang"]
[Result "1-0"]
[WhiteElo "2107"]
[BlackElo "2027"]
[PlyCount "45"]
[EventDate "2007.10.21"]
[EventType "team-tourn"]
[EventRounds "9"]
[EventCountry "GER"]
[SourceTitle "EXT 2009"]
[Source "ChessBase"]
[SourceDate "2008.11.26"]
[SourceVersion "1"]
[SourceVersionDate "2008.11.26"]
[SourceQuality "1"]
[WhiteTeam "Bindlach III"]
[BlackTeam "Nordhalben"]
[WhiteTeamCountry "GER"]
[BlackTeamCountry "GER"]

1. e4 c5 2. Nf3 g6 3. d4 cxd4 4. Nxd4 Nc6 5. Be3 Nf6 6. Nc3 Bg7 7. Nb3 0-0 8. Be2 a5 9. a3 a4 10. Nc1 Qa5 11. 0-0 d6 12. Nd3 d5 13. exd5 Nxd5 14. Nxd5 Qxd5 15. c3 e5 16. Nb4 Qa5 17. Bf3 Nxb4 18. axb4 Qb5 19. Bc5 Re8 20. Qd5 Bf5 21. Qxb7 Qa6 22. Qxa6 Rxa6 23. Bb7 1-0

[Event "Regionalliga NW 0708"]
[Site "Bayern"]
[Date "2007.12.09"]
[Round "4.7"]
[White "Vojtech, Jaroslav"]
[Black "Christ, Rene"]
[Result "1-0"]
[WhiteElo "2112"]
[BlackElo "1825"]
[PlyCount "69"]
[EventDate "2007.10.21"]
[EventType "team-tourn"]
[EventRounds "9"]
[EventCountry "GER"]
[SourceTitle "EXT 2009"]
[Source "ChessBase"]
[SourceDate "2008.11.26"]
[SourceVersion "1"]
[SourceVersionDate "2008.11.26"]
[SourceQuality "1"]
[WhiteTeam "Bindlach III"]
[BlackTeam "Sailauf"]
[WhiteTeamCountry "GER"]
[BlackTeamCountry "GER"]

1. e4 c5 2. Nf3 Nc6 3. Bb5 e6 4. Bxc6 bxc6 5. d3 d5 6. Nbd2 Nf6 7. 0-0 Be7 8. b3 0-0 9. Bb2 a5 10. a4 Ba6 11. Re1 Rb8 12. Be5 Ra8 13. Bg3 Nd7 14. Qe2 Re8 15. h4 Bf6 16. e5 Be7 17. Rad1 Rb8 18. c4 Rb4 19. Qe3 Qc7 20. Qf4 h6 21. Qg4 Reb8 22. Bf4 Kh7 23. Qh5 Kg8 24. Re3 Bf8 25. Qg4 Kh7 26. h5 Be7 27. Rde1 Qd8 28. Nh2 Bg5 29. Rg3 Bc8 30. Nhf3 f5 31. exf6 Nxf6 32. Bxg5 e5 33. Bxf6 Bxg4 34. Bxd8 Bxf3 35. Bxa5 1-0

[Event "Landesliga Nord 0405"]
[Site "Bayern"]
[Date "2004.12.12"]
[Round "4.7"]
[White "Kuespert, Helmut"]
[Black "Vojtech, Jaroslav"]
[Result "1-0"]
[WhiteElo "1912"]
[BlackElo "2142"]
[PlyCount "61"]
[EventDate "2004.10.24"]
[EventType "team-tourn"]
[EventRounds "9"]
[EventCountry "GER"]
[SourceTitle "EXT 2008"]
[Source "ChessBase"]
[SourceDate "2007.11.25"]
[SourceVersion "1"]
[SourceVersionDate "2007.11.25"]
[SourceQuality "1"]
[WhiteTeam "Marktleuthen"]
[BlackTeam "Bindlach II"]
[WhiteTeamCountry "GER"]
[BlackTeamCountry "GER"]

1. e4 c6 2. d4 d5 3. Nc3 g6 4. f3 Bg7 5. Be3 Qb6 6. Qd2 Qxb2 7. Rb1 Qa3 8. exd5 Nf6 9. Bc4 0-0 10. Nge2 b5 11. Bb3 b4 12. Ne4 Nxd5 13. Bh6 Bf5 14. h4 Nd7 15. Bxg7 Kxg7 16. Nf2 N7f6 17. g4 Be6 18. h5 Ng8 19. Ne4 Qa5 20. Nc5 Qc7 21. hxg6 hxg6 22. Qg5 Qd6 23. f4 Nc7 24. f5 Bd5 25. Bxd5 Nxd5 26. Ne4 Qc7 27. Qh4 Rfc8 28. fxg6 fxg6 29. Qh7+ Kf8 30. Qxg6 Ndf6 31. Ng5 1-0

[Event "Landesliga Nord 0304"]
[Site "Bayern"]
[Date "2004.04.25"]
[Round "9.5"]
[White "Vojtech, Jaroslav"]
[Black "Zimlich, Juergen"]
[Result "1-0"]
[WhiteElo "2122"]
[BlackElo "1921"]
[PlyCount "41"]
[EventDate "2003.10.??"]
[EventType "team-tourn"]
[EventRounds "9"]
[EventCountry "GER"]
[SourceTitle "EXT 2006"]
[Source "ChessBase"]
[SourceDate "2005.11.24"]
[SourceVersion "1"]
[SourceVersionDate "2005.11.24"]
[SourceQuality "1"]
[WhiteTeam "Bindlach"]
[BlackTeam "Sailauf"]
[WhiteTeamCountry "GER"]
[BlackTeamCountry "GER"]

1. e4 d5 2. exd5 Qxd5 3. Nc3 Qa5 4. d4 c6 5. Nf3 Bf5 6. Bd3 e6 7. 0-0 Nf6 8. Ne5 Bg6 9. Re1 Bd6 10. Bf4 Qc7 11. Bxg6 hxg6 12. Nxg6 Bxf4 13. Nxh8 Ke7 14. g3 Bh6 15. d5 Qd8 16. Nxf7 Kxf7 17. dxe6+ Ke7 18. Qf3 Na6 19. Rad1 Qe8 20. Ne4 Rd8 21. Qa3+ 1-0

[Event "Landesliga Nord 0203"]
[Site "Bayern"]
[Date "2003.02.23"]
[Round "7.4"]
[White "Vojtech, Jaroslav"]
[Black "Haubold, Martin"]
[Result "1/2-1/2"]
[WhiteElo "2104"]
[BlackElo "1959"]
[PlyCount "29"]
[EventDate "2002.10.20"]
[EventType "team-tourn"]
[EventRounds "9"]
[EventCountry "GER"]
[SourceTitle "EXT 2004"]
[Source "ChessBase"]
[SourceDate "2003.11.25"]
[SourceVersion "1"]
[SourceVersionDate "2003.11.25"]
[SourceQuality "1"]
[WhiteTeam "Bindlach II"]
[BlackTeam "Forchheim II"]
[WhiteTeamCountry "GER"]
[BlackTeamCountry "GER"]

1. e4 c6 2. d4 d5 3. exd5 cxd5 4. c3 Nf6 5. Bf4 Nc6 6. Nd2 g6 7. Bd3 Bg7 8. h3 0-0 9. Ngf3 Re8 10. 0-0 Qb6 11. Qb3 Qxb3 12. axb3 a6 13. Rfe1 Nd7 14. b4 e5 15. b5 1/2-1/2

[Event "Landesliga Nord 0203"]
[Site "Bayern"]
[Date "2003.01.26"]
[Round "5.3"]
[White "Zvara, Petr"]
[Black "Vojtech, Jaroslav"]
[Result "1/2-1/2"]
[WhiteElo "2388"]
[BlackElo "2104"]
[PlyCount "48"]
[EventDate "2002.10.20"]
[EventType "team-tourn"]
[EventRounds "9"]
[EventCountry "GER"]
[SourceTitle "EXT 2004"]
[Source "ChessBase"]
[SourceDate "2003.11.25"]
[SourceVersion "1"]
[SourceVersionDate "2003.11.25"]
[SourceQuality "1"]
[WhiteTeam "Cham"]
[BlackTeam "Bindlach II"]
[WhiteTeamCountry "GER"]
[BlackTeamCountry "GER"]

1. e4 e5 2. Nf3 Nc6 3. Bb5 a6 4. Ba4 d6 5. Bxc6+ bxc6 6. d4 f6 7. Nc3 Rb8 8. b3 Ne7 9. Be3 Ng6 10. 0-0 Be7 11. Qe2 Bb7 12. Rfd1 0-0 13. Na4 Qe8 14. c4 Qf7 15. Qc2 f5 16. exf5 Qxf5 17. Qxf5 Rxf5 18. dxe5 Nxe5 19. Nxe5 Rxe5 20. c5 Re8 21. Rac1 d5 22. Bf4 Re2 23. Re1 Bh4 24. Rxe2 Rxe2 1/2-1/2

[Event "Landesliga Nord 0203"]
[Site "Bayern"]
[Date "2002.12.15"]
[Round "3.4"]
[White "Vojtech, Jaroslav"]
[Black "Assmann, Norbert"]
[Result "1/2-1/2"]
[WhiteElo "2104"]
[BlackElo "2076"]
[PlyCount "59"]
[EventDate "2002.10.20"]
[EventType "team-tourn"]
[EventRounds "9"]
[EventCountry "GER"]
[SourceTitle "EXT 2004"]
[Source "ChessBase"]
[SourceDate "2003.11.25"]
[SourceVersion "1"]
[SourceVersionDate "2003.11.25"]
[SourceQuality "1"]
[WhiteTeam "Bindlach II"]
[BlackTeam "Sailauf"]
[WhiteTeamCountry "GER"]
[BlackTeamCountry "GER"]

1. e4 g6 2. d4 Bg7 3. Nc3 c6 4. Nf3 d5 5. h3 Nf6 6. e5 Nfd7 7. Bf4 e6 8. Qd2 b6 9. Bh6 Bxh6 10. Qxh6 Qe7 11. h4 Qf8 12. Qd2 h5 13. Bd3 Ba6 14. 0-0 Qe7 15. Rfe1 Bxd3 16. Qxd3 0-0 17. Ne2 c5 18. c3 Nc6 19. Nf4 Kg7 20. Ng5 Rg8 21. Re3 Nf8 22. Rg3 Qe8 23. Nxh5+ gxh5 24. Nh7+ Ng6 25. Nf6 Qd8 26. Nxh5+ Kf8 27. Nf6 Rh8 28. h5 Nge7 29. Nh7+ Ke8 30. Nf6+ 1/2-1/2

[Event "Landesliga Nord 0203"]
[Site "Bayern"]
[Date "2002.10.20"]
[Round "1.6"]
[White "Vojtech, Jaroslav"]
[Black "Muehlbauer, Andreas"]
[Result "1/2-1/2"]
[WhiteElo "2104"]
[BlackElo "2046"]
[PlyCount "44"]
[EventDate "2002.10.20"]
[EventType "team-tourn"]
[EventRounds "9"]
[EventCountry "GER"]
[SourceTitle "EXT 2004"]
[Source "ChessBase"]
[SourceDate "2003.11.25"]
[SourceVersion "1"]
[SourceVersionDate "2003.11.25"]
[SourceQuality "1"]
[WhiteTeam "Bindlach II"]
[BlackTeam "Koetzting"]
[WhiteTeamCountry "GER"]
[BlackTeamCountry "GER"]

1. e4 c5 2. Nf3 Nc6 3. Bb5 e6 4. Bxc6 bxc6 5. d3 d5 6. Nbd2 Ne7 7. 0-0 Ng6 8. Re1 Be7 9. b3 0-0 10. Bb2 Bf6 11. e5 Be7 12. g3 Ba6 13. Qe2 Qb6 14. c4 Rfd8 15. Bc3 Bc8 16. h4 a5 17. a4 Ra7 18. Rab1 Rad7 19. h5 Nf8 20. Kg2 Ba6 21. Rec1 Rb8 22. Rh1 Qd8 1/2-1/2